000 00668nam a2200193 4500
001 143150
003 ES-MaACL
005 20251014063211.0
007 t|
008 070214s1915 sp r ||||1| spa d
100 1 _aSellés, Eugenio,
_d1842-1926
_9145933
245 1 3 _aEl nudo gordiano
_b: drama en tres actos y en verso /
_cEugenio Sellés.
260 _aMadrid :
_bSociedad de Autores Españoles,
_c1915 (
_eBarcelona :
_fFélix Costa)
300 _a86 p. ;
_c20 cm.
490 1 _aBiblioteca teatro mundial
830 0 0 _aBiblioteca teatro mundial (Sociedad de Autores Españoles)
_9187731
852 _aES-MaACL
_j1555-F-5
999 _c143150
_d143150